000 00555nam a2200217Ia 4500
005 20250508164720.0
008 008 250505s9999 xx 000 0 eng d
020 _a978-81-89487-61-4
037 _aTextual
040 _aFEDL
_beng
_cFEDL
041 _aeng
_2eng
084 _a510, NCE
_qFEDL
245 0 _aMathematics: A textbook for class X
245 0 _cN C E R T
260 _aNew Delhi, India
_bNCWER
300 _axii,310p.
365 _aINR
_b20
546 _aMACESE
942 _cTEXL
_h510, NCE
999 _c1390722
_d1390722